Today at school / (Record no. 4728)
[ view plain ]
| 000 -LEADER | |
|---|---|
| fixed length control field | 01022cam a2200337 a 4500 |
| 001 - CONTROL NUMBER | |
| control field | 4728 |
| 003 - CONTROL NUMBER IDENTIFIER | |
| control field | FISKH |
| 005 - DATE AND TIME OF LATEST TRANSACTION | |
| control field | 20240926114121.0 |
| 008 - FIXED-LENGTH DATA ELEMENTS--GENERAL INFORMATION | |
| fixed length control field | 110217s2007 nyua j 000 1 eng |
| 010 ## - LIBRARY OF CONGRESS CONTROL NUMBER | |
| LC control number | 2011380736 |
| 020 ## - INTERNATIONAL STANDARD BOOK NUMBER | |
| International Standard Book Number | 9780545034128 (pbk.) |
| 020 ## - INTERNATIONAL STANDARD BOOK NUMBER | |
| International Standard Book Number | 0545034124 (pbk.) |
| 020 ## - INTERNATIONAL STANDARD BOOK NUMBER | |
| International Standard Book Number | 9780545034128 |
| 040 ## - CATALOGING SOURCE | |
| Original cataloging agency | DLC |
| Transcribing agency | DLC |
| Language of cataloging | eng |
| 050 ## - LIBRARY OF CONGRESS CALL NUMBER | |
| Classification number | PZ8.R48113 |
| 082 ## - DEWEY DECIMAL CLASSIFICATION NUMBER | |
| Classification number | 567 |
| 100 1# - MAIN ENTRY--PERSONAL NAME | |
| Personal name | Ringler, Matt. |
| 245 10 - TITLE STATEMENT | |
| Title | Today at school / |
| Statement of responsibility, etc. | by Matt Ringler ; illustrated by George Ulrich. |
| 260 ## - PUBLICATION, DISTRIBUTION, ETC. | |
| Place of publication, distribution, etc. | New York : |
| Name of publisher, distributor, etc. | Scholastic, |
| Date of publication, distribution, etc. | 2007. |
| 300 ## - PHYSICAL DESCRIPTION | |
| Extent | 30 unnumbered pages : |
| Other physical details | color illustrations ; |
| Dimensions | 23 cm |
| 490 0# - SERIES STATEMENT | |
| Series statement | Rhyme time readers |
| 505 ## - FORMATTED CONTENTS NOTE | |
| Formatted contents note | F<br/> |
| 520 ## - SUMMARY, ETC. | |
| Summary, etc. | A child tells his mother about his day at school. <br/> |
| 521 8# - TARGET AUDIENCE NOTE | |
| Target audience note | 320<br/> |
| Source | Lexile estimate <br/> |
| 521 8# - TARGET AUDIENCE NOTE | |
| Target audience note | F<br/> |
| Source | Raz-Plua <br/> |
| 650 ## - SUBJECT ADDED ENTRY--TOPICAL TERM | |
| Topical term or geographic name entry element | Back to school |
| Form subdivision | Focus on Literacy |
| General subdivision | rhyming |
| 700 1# - ADDED ENTRY--PERSONAL NAME | |
| Personal name | Ulrich, George, |
| Relator term | illustrator |
| 906 ## - LOCAL DATA ELEMENT F, LDF (RLIN) | |
| a | 7 |
| b | cbc |
| c | orignew |
| d | 2 |
| e | ncip |
| f | 20 |
| g | y-gencatlg |
| 942 ## - ADDED ENTRY ELEMENTS (KOHA) | |
| Source of classification or shelving scheme | Dewey Decimal Classification |
| Koha item type | Books |
| Suppress in OPAC | No |
| Withdrawn status | Lost status | Source of classification or shelving scheme | Damaged status | Not for loan | Collection | Home library | Current library | Shelving location | Date acquired | Total Checkouts | Full call number | Barcode | Date last seen | Price effective from | Koha item type |
|---|---|---|---|---|---|---|---|---|---|---|---|---|---|---|---|
| Dewey Decimal Classification | Juvenile Fiction | Footprints International School Library Network Toul Kork Campus | Footprints International School Library Network Toul Kork Campus | TK Primary Library Room(4th Floor), Bookcase 7, Shelves 57-60, Dark Green Books | 09/26/2024 | RIN 567 PZ8.R48113 | 2024-2092 | 09/26/2024 | 09/26/2024 | Books |
